000 00323nam a2200097Ia 4500
082 _a320 96 GRAP
245 0 _aGrappling with governance : perspectives on the African Peer Review Mechanism
100 _a Gruzd, Steven Auckland, South Africa, 2010
_951146
942 _cBK
008 210818s9999 xx 000 0 und d
999 _c435721
_d435720